Rozhovor s novým riaditeľom Tranoscia

Bibliographic Details
Main Authors: Michna, Ľubor (Author), Gabriš, Pavel (Author)
Format: Article
Language:Slovak
PhysicalDescription:Obr. 1
Subjects:

MARC

LEADER 00000nab a2200000 a 4500
001 vtls000478793
003 SK-MaSNL
005 20260303005554.0
008 140402c1993 xo 0 slo
015 |a SNBRB19rr/mm-uuuuu 
035 |a CL0478928 
040 |a SNKBUCL  |b slo  |c SNKBUCL  |e AACR2 
041 0 |a slo 
044 |a xo  |c SK 
080 |a 655.413:284  |2 1981 
100 1 |a Michna, Ľubor  |4 aut  |9 850969 
245 1 0 |a Rozhovor s novým riaditeľom Tranoscia  |c Ľubor Michna, Pavel Gabriš 
300 |b Obr. 1 
610 2 7 |a Tranoscius (Liptovský Mikuláš, Slovensko)  |2 snkbucl  |9 64222 
655 7 |a články z novín a časopisov  |2 snkbucl  |9 267496 
655 7 |a články z odboru knihovníctvo  |2 snkbucl  |9 166141 
700 1 |a Gabriš, Pavel  |4 aut  |9 5698 
773 0 |t Evanjelický posol spod Tatier  |g Roč. 83, č. 1 (1993), s. 5 
850 |a Slovenská národná knižnica v Martine  |a MTA001 
852 |a SNK  |b KIS3GCP 
957 |a 5304 
958 |a RK 
958 |a KL 
992 |a RBX 
999 |c 1583313  |d 1585243